| 000 | 00368nam a2200157Ia 4500 | ||
|---|---|---|---|
| 005 | 20250630013123.0 | ||
| 008 | 240331s9999 xx 000 0 und d | ||
| 082 |
_bDES _a891 |
||
| 100 | _aDe Silva, A.S. | ||
| 245 | 0 | _aMeena | |
| 250 | _a3rd | ||
| 260 |
_aRajagiriya _bSaman and Madara Publishers _c1986 |
||
| 300 | _a144 p ., | ||
| 650 | _aSinhala Novel | ||
| 942 | _cL | ||
| 999 |
_c5457 _d5457 |
||